| 000 | 00341nam a2200145Ia 4500 | ||
|---|---|---|---|
| 008 | 230312s9999||||xx |||||||||||||| ||und|| | ||
| 020 | _a0-683-08904-8 | ||
| 082 |
_a615 _bWEI-P |
||
| 100 | _aWeiner;howard | ||
| 245 | 0 | _aPediatric neurology | |
| 260 |
_bWilliams _aUSA _c1988 |
||
| 300 | _a228 | ||
| 650 |
_aMedical _vPeadiatrics |
||
| 942 | _cBK | ||
| 999 |
_c2310 _d2310 |
||